000 00639nam a2200241Ia 4500
003 OSt
005 20221006145528.0
006 a|||||r|||| 00| 0
007 ta
008 221006b |||||||| |||| 00| 0 eng d
020 _c
_15.00
024 _a15,169
037 _cTextual
040 _aEASL
_cEASL
_beng
041 _2eng
_aeng
082 _aP41,A:2, K2
100 _aDOBSON W A C H
245 0 _aEarly archaic Chinese
_b A Descriptive Grammar
260 _aCanada
_bUniversity of Toronto Press
_c1962
300 _a288p.
_ccm.
942 _hP41,A:2, K2
_cTEXL
_2CC
999 _c1083255
_d1083255